[Event "YUG-ch"]
[Site "Novi Sad"]
[Date "1995.??.??"]
[Round "?"]
[White "Gligoric, Svetozar"]
[Black "Matulovic, Milan"]
[Result "1-0"]
[WhiteElo "2455"]
[BlackElo "2455"]
[Annotator "Huebner,R"]
[PlyCount "107"]
[EventDate "1995.02.??"]
[EventType "tourn"]
[EventRounds "17"]
[EventCountry "YUG"]
[EventCategory "10"]
[SourceTitle "CBM 048"]
[Source "ChessBase"]
[SourceDate "1995.10.01"]
[SourceVersion "1"]
[SourceVersionDate "1995.10.01"]
[SourceQuality "1"]

1. d4 {Belov} d5 2. c4 dxc4 3. Nf3 Nf6 4. Nc3 c6 5. a4 Bf5 6. e3 e6 7. Bxc4 Bb4
8. O-O Nbd7 9. Qe2 Bg6 10. e4 Bxc3 11. bxc3 Nxe4 12. Ba3 Qc7 13. Rfc1 {
Natürlich mißtraut der erfahrene Meister einem neumodischen Zuge wie 13.Tfe1,
der noch einen Bauern einstellt - und wahrscheinlich zu Recht.} O-O-O 14. a5
Kb8 {Gespielt wurden außerdem 14...The8 (siehe ECO D [2.Auflage] 18/2 mit den
Fußnoten 17-19 für Beispiele) und 14...Sd6 in der Partie Ivanchuk,V-Lautier,J,
Linares 1994, CBM 40.} (14... Nd6 {Belov} 15. Bb3 Bh5 16. h3 Rhe8 17. a6 b6 18.
c4 c5 19. Ba4 e5 $132 {Ivanchuk,V-Lautier,J/Linares/1994/1:0/42/}) (14... Rhe8
{Belov} 15. a6 (15. Qb2 Kb8 16. Rcb1 Ka8 17. Bf1 $44 {Gligoric,S-Beliavsky,A/
Belgrade/1987/0:1/55/}) (15. Nh4 Nd6 16. Bb3 e5 17. Qf3 Nf6 18. a6 b6 19. c4
Nde4 $1 $15 {Magerramov,E-Tukmakov,V/Helsinki/1992/0:1/37/}) 15... b6 16. Bd3 (
16. Nh4 Nd6 17. Bb3 e5 18. Nxg6 hxg6 19. Qg4 $1 Kb8 20. Bxd6 Qxd6 21. Bxf7 Re7
22. Qxg6 $14 {Razuvaev,Y-Schwartzman,G/Dortmund op/1993/1:0/67/}) 16... Nd6 17.
Bxg6 hxg6 18. c4 c5 19. dxc5 Nxc5 20. Nd4 $44 {Guliev,S-Khlian,E/Azov/1995/1;0/
32/}) 15. Qb2 {Hier wurde in letzter Zeit meist} (15. Be7 Rde8 16. Bh4 {
gespielt:} Ka8 (16... f5 17. Qa2 e5 (17... Qd6 {ist riskant, weil der Punkt b7
des Schutzes ermangelt.}) 18. a6 b6 19. Be6 Nf8 20. Bb3 Nd7 21. Be6 Nf8 {
ergab ein plausibles Remis in der Partie Razuvaev,Y-Tukmakov,V, Rostov 1993,
CBM 36.}) 17. Bd3 Qf4 {führte zu einem scharfen Kampf in der Partie Ioseliani,
N-Polgar, Zsu, Wettkampf Monte Carlo (2) 1993, CBM 34. Die Aussichten des
Schwarzen sind nicht schlecht. Ich glaube nicht, daß der Textzug schwächer ist
als das etwas gekünstelte Läufermanöver.} (17... Qf4 {Belov} 18. a6 b6 19. g3
Qf5 20. Ne1 $44 {Ioseliani,N-Polgar,Zs/Monaco(m/2)/1993/0:1/45/})) 15... Ka8
16. Bf1 {Dies sieht nicht besonders wirksam aus. Ich schlage den Standardzug} (
16. Nh4 {vor, um bei Bedarf auf g6 abtauschen zu können, so daß dem weißen
Königsturm das Feld b1 zugänglich wird.}) 16... e5 17. g3 Rhe8 18. Bg2 {
Immer noch scheint mir 18.Sh4 angewiesen.} Nef6 (18... c5 {Belov} 19. a6 b6 20.
Nd2 Kb8 21. Nc4 $36) 19. Nd2 Bd3 {Schwarz hat nun alle seine Figuren prächtig
zentralisiert; der Angiff des Weißen kann nicht recht in Schwaung kommen.} (
19... e4 {Belov} 20. Nc4 Re6 21. Bc5 Kb8 22. Bb6 $16) 20. Qb3 Nb8 {Dies ist
gegen die Drohung 21.c4 gerichtet.} (20... Ba6 {Belov} 21. Qxf7 $16) 21. Nf3
exd4 (21... Nbd7 {Belov} 22. Qxf7 $16) 22. cxd4 Be4 23. Bc5 Bd5 (23... Na6 $5 {
kam auch in Betracht, denn} 24. Bb6 axb6 25. axb6 Qc8 {dürfte nicht
duchdringen.}) (23... Nbd7 {Belov} 24. Bb6 $16) 24. Qb6 (24. Qb2 Na6 $17) (24.
Bb6 Bxb3 25. Bxc7 Rc8 $17) 24... Qxb6 (24... axb6 {Belov} 25. axb6+ Na6 26.
bxc7 Rc8 27. Bb6 $16) 25. axb6 a6 26. Ne5 Bxg2 (26... Nbd7 {Belov} 27. Bxd5
Nxe5 28. Bb3 Nd3 29. Rd1 Nxc5 30. dxc5 $16) 27. Kxg2 Rd5 28. Nxf7 Nbd7 29. Nd6
Rxd6 $2 (29... Re6 $17) (29... Rd8 {Belov} 30. Ra5 Nxc5 31. dxc5 $16) 30. Bxd6
Nxb6 31. Re1 Rxe1 (31... Rc8 {Belov} 32. Re7 Ne8 33. Bc5 Nd5 34. Rf7 $18) 32.
Rxe1 Nbd5 33. f4 a5 34. Kf3 b5 35. g4 Kb7 36. g5 Nd7 37. f5 b4 38. h4 N7b6 $2 (
38... b3 $142 $13) (38... a4 {Belov} 39. Bxb4 Nxb4 40. Rb1 $18) (38... b3 {
Belov} 39. h5 a4 40. f6 gxf6 41. g6 $18) 39. Bf8 $18 (39. h5 {Belov} a4 40. f6
g6 (40... gxf6 41. g6 hxg6 42. h6 $18) 41. hxg6 hxg6 42. f7 $18) 39... b3 40.
Bxg7 Nc4 41. f6 Nd6 42. h5 a4 43. Bf8 Nf7 (43... a3 {Belov} 44. Bxd6 a2 45. Ba3
$18) 44. g6 hxg6 45. hxg6 Ng5+ 46. Kg4 Ne4 47. f7 Nf2+ 48. Kf5 Nd3 49. Ba3 Nxe1
50. f8=Q Nc2 51. g7 Nde3+ {Matulovic ist noch nicht von seiner alten Krankheit
genesen, völlig verlorene Stellungen endlos weiterzuschleppen.} 52. Ke4 Nc4 53.
g8=Q N4xa3 54. Qa8+ (54. Qa8+ {Belov} Kb6 (54... Kc7 55. Qgd8#) 55. Qgb8#) 1-0

[Event "EU-Cup 15th final"]
[Site "Bugojno"]
[Date "1999.10.30"]
[Round "2"]
[White "Vaganian, Rafael A"]
[Black "Sakaev, Konstantin"]
[Result "1-0"]
[WhiteElo "2617"]
[BlackElo "2648"]
[Annotator "Huebner,R"]
[PlyCount "121"]
[EventDate "1999.10.29"]
[EventType "team-k.o."]
[EventRounds "3"]
[EventCountry "BIH"]
[SourceTitle "EXT 2020"]
[Source "ChessBase"]
[SourceDate "2019.10.17"]
[SourceVersion "1"]
[SourceVersionDate "2019.10.17"]
[SourceQuality "1"]
[WhiteTeam "Breda Panfox"]
[BlackTeam "St Petersburg"]
[WhiteTeamCountry "NED"]
[BlackTeamCountry "RUS"]

1. Nf3 d5 2. d4 Nf6 3. c4 c6 4. Nc3 dxc4 5. a4 Bf5 6. e3 e6 7. Bxc4 Bb4 8. O-O
O-O 9. Qb3 Qb6 10. Nh4 Bg6 11. Nxg6 hxg6 12. Rd1 Nbd7 13. g3 Rad8 (13... a5 14.
Bf1 Be7 15. Qxb6 Nxb6 16. e4 Bb4 17. f3 {+= 1-0 Gleizerov,E-Sergeev,V/
Pardubice 1992/TD (43)}) 14. Bf1 e5 15. Bg2 Rfe8 16. Na2 Bd6 {=} 17. Qxb6 Nxb6
(17... axb6 $5 {kommt auch in Betracht.}) 18. a5 Nbd5 19. a6 bxa6 20. Nc3 Nb4
21. Kf1 exd4 22. exd4 c5 23. dxc5 Bxc5 24. Rxd8 Rxd8 25. Bg5 Re8 (25... Rb8 $5)
26. Rd1 Ng4 27. Ne4 Bf8 28. h3 Ne5 29. Rd8 Rxd8 30. Bxd8 Ned3 31. b3 Nc1 32.
Nd2 Bc5 33. Bb7 Kf8 34. h4 Bb6 35. Bg5 Ncd3 36. Ke2 Nxf2 37. Nc4 Nfd3 38. Nxb6
axb6 39. Bxa6 Nxa6 $6 ({Ein sicherer Weg zum Remis bestand in} 39... Nc5 40.
Bc4 Nc6 41. Ke3 Na5 42. Bb5 (42. Bd8 Nxc4+ 43. bxc4 Na4) (42. Be2 Naxb3 43. Bd8
Nd7 44. Bb5 Nbc5 {-/+}) 42... Naxb3 43. Bd8 Nd4 {=}) 40. Kxd3 Ke8 ({Nach} 40...
b5 41. Kd4 f6 42. Bf4 Ke7 43. Kd5 Kd7 44. Bd6 {schwebt Schwarz in Lebensgefahr.
}) 41. Kc4 Kd7 42. Kb5 Nc5 43. b4 Nd3 44. Be3 f5 $2 (44... Ke6 45. Bxb6 (45.
Kc4 Ne5+ {verspricht nicht mehr.}) 45... Kf5 46. Kc4 Nxb4 47. Kxb4 g5 {f�hrt
zum Remis.}) 45. Bxb6 f4 46. gxf4 Nxf4 47. Ka6 Ne6 48. Be3 Nc7+ 49. Kb7 Nb5 50.
Kb6 Nd6 51. Bf4 Nf5 52. b5 Nd4 53. Be3 Nf5 54. Bc5 Nxh4 55. Ka6 Nf3 56. b6 Ne5
57. b7 Nc6 58. Bf2 Nb8+ 59. Ka7 Nc6+ 60. Kb6 Kd6 61. Bg3+ 1-0

[Event "Reggio Emilia 9697 39th"]
[Site "Reggio Emilia"]
[Date "1996.12.30"]
[Round "5"]
[White "Romanishin, Oleg M"]
[Black "Komarov, Dimitri"]
[Result "1/2-1/2"]
[WhiteElo "2555"]
[BlackElo "2595"]
[Annotator "Huebner,R"]
[PlyCount "65"]
[EventDate "1996.12.26"]
[EventType "tourn"]
[EventRounds "9"]
[EventCountry "ITA"]
[EventCategory "11"]
[SourceTitle "CBM 057"]
[Source "ChessBase"]
[SourceDate "1997.04.01"]
[SourceVersion "1"]
[SourceVersionDate "1997.04.01"]
[SourceQuality "1"]

1. Nf3 d5 2. d4 Nf6 3. c4 c6 4. Nc3 dxc4 5. a4 Bf5 6. e3 e6 7. Bxc4 Bb4 8. O-O
Nbd7 9. Bd2 {Dies scheint mir kein besonders kräftiger Versuch zu sein, die
Anzugsinitiative auszubeuten; Weiß kämpft nicht um den Besitz des Feldes e4.}
a5 {Dies ist ein solider Zug, der gegen die Drohung 10.e4 gerichtet ist.} 10.
Ne2 Qb6 (10... Bxd2 $5) 11. Ng3 Bxd2 12. Nxf5 (12. Qxd2 Ne4 $11) 12... exf5 13.
Nxd2 O-O 14. Be2 (14. Bd3 $5 g6 (14... f4 15. Nc4 Qc7 16. e4 {gibt dem Weißen
Chancen; er kann bei Gelegenheit e4-e5 und Sc4-d6 spielen.}) 15. Nc4 $14 {
kam in Betracht.}) 14... f4 15. Nc4 Qc7 16. Bf3 Rfe8 17. Qb3 Nf8 $6 ({Auf} 
17... Rad8 {kann} 18. Qc3 {geschehen.}) (17... Nd5 {gefällt mir jedoch besser
als der Textzug.}) 18. Qb6 Qxb6 19. Nxb6 Ra6 20. Nc4 Ne6 21. Ra3 Re7 22. Rb3
Ra7 23. Nd6 Rc7 24. Rd1 (24. Rc1 $5) 24... fxe3 25. fxe3 Ng5 26. Be2 $6 (26.
Rc1 Nxf3+ 27. gxf3 Nd5 28. e4 {bot eher Spielmöglichkeiten.}) 26... Nge4 27.
Nc4 {Jetzt hat Schwarz keine Probleme mehr; der Springer ist zurückgeworfen
und das Feld e4 wird kontrolliert.} Kf8 28. Bd3 Re7 29. Rf1 g6 30. Ra3 Kg7 31.
Raa1 Ne8 32. Nb6 N8d6 33. Rfe1 1/2-1/2

[Event "RUS-Cup03 Geller Memorial"]
[Site "Moscow"]
[Date "1999.02.08"]
[Round "7"]
[White "Poluljahov, Aleksandr"]
[Black "Kobalia, Mihail"]
[Result "0-1"]
[WhiteElo "2566"]
[BlackElo "2537"]
[Annotator "Huebner,R"]
[PlyCount "77"]
[EventDate "1999.02.10"]
[EventType "swiss"]
[EventRounds "9"]
[EventCountry "RUS"]
[SourceTitle "CBM 070"]
[Source "ChessBase"]
[SourceDate "1999.06.08"]
[SourceVersion "1"]
[SourceVersionDate "1999.06.08"]
[SourceQuality "1"]

1. d4 d5 2. c4 c6 3. Nf3 Nf6 4. Nc3 dxc4 5. a4 Bf5 6. Nh4 e6 7. Nxf5 exf5 8. e3
Bb4 9. Bxc4 O-O 10. O-O Nbd7 11. Bd2 g6 {Dieser Zug ist riskant; das Zentrum
des Weißen steht auf unsicheren Füßen.Vielleicht ist es verständiger, den
Ausgleich anzustreben:} 12. f3 (12. Ne4 Qa5 13. Bxb4 Qxb4 14. Qb3 Qxb3 15.
Nxf6+ Nxf6 16. Bxb3 a5 17. Bc4 $15 {1/2-1/2 Cvitan,O-Huebner,R/SWZ-chT 1995/
CBM 49 ext (17)}) 12... a5 13. Bb3 Nb6 14. Kh1 Re8 15. g4 $6 {Dazu steht Weiß
nicht bereit.} (15. Qe1 {(mit der Absicht De1-h4)} f4 16. e4 Qxd4 17. Bxf4 Nfd5
18. Bd2 {kam in Betracht.}) 15... fxg4 ({Die Fortsetzung} 15... f4 16. e4 Qxd4
17. Bxf4 {überläßt dem Weißen gutes Spiel.}) 16. fxg4 Bxc3 17. bxc3 Nbd5 18.
Qf3 Ne4 19. Qxf7+ (19. Be1 Ng5 20. Qf2 Qd7 $17) 19... Kh8 20. Bxd5 Re7 21. Qg8+
$2 ({Nach} 21. Bxe4 Rxf7 22. Rxf7 Qe8 23. Rf4 ({Nach} 23. Bxg6 hxg6 24. Raf1
Qe4+ {ist die Lage des Weißen unbequem.}) 23... g5 24. Bf5 gxf4 25. e4 {
entsteht eine zweischneidige Stellung, die ich nicht einzuschätzen vermag.
Nach dem Textzug erhält Weiß ein äußerst schlechtes Endspiel.}) 21... Qxg8 22.
Bxg8 Nxd2 23. Rf2 ({Auch nach} 23. Rf7 Rae8 24. Rxe7 Rxe7 25. Ra2 (25. Ba2 Rxe3
26. Rc1 Ne4 $19) 25... Nb1 {dürfte Weiß die größte Mühe haben, das Endspiel zu
halten.}) 23... Ne4 24. Rf7 Rae8 25. Rxe7 Rxe7 26. Bb3 Nxc3 27. Re1 b5 28. Kg2
bxa4 29. Bc4 Rb7 30. Rc1 Ne4 31. Bd3 Rb2+ 32. Kg1 (32. Kf3 Nd2+ 33. Kf4 a3 {
war ebenfalls hoffnungslos für Weiß.}) 32... Nd2 33. Ra1 Nf3+ 34. Kf1 Nxh2+ 35.
Ke1 Nxg4 36. Rxa4 Nxe3 37. Rxa5 Rb4 38. Rc5 Rxd4 39. Be2 0-1

[Event "RUS-Cup03 Geller Memorial"]
[Site "Moscow"]
[Date "1999.02.09"]
[Round "8"]
[White "Arbakov, Valentin"]
[Black "Popov, Valerij"]
[Result "0-1"]
[WhiteElo "2482"]
[BlackElo "2582"]
[Annotator "Huebner,R"]
[PlyCount "116"]
[EventDate "1999.02.10"]
[EventType "swiss"]
[EventRounds "9"]
[EventCountry "RUS"]
[SourceTitle "CBM 070"]
[Source "ChessBase"]
[SourceDate "1999.06.08"]
[SourceVersion "1"]
[SourceVersionDate "1999.06.08"]
[SourceQuality "1"]

1. d4 d5 2. c4 c6 3. Nf3 Nf6 4. Nc3 dxc4 5. a4 Bf5 6. e3 e6 7. Bxc4 Bb4 8. Qb3
a5 9. O-O Qe7 {Schwarz muß sich gegen die Drohung Sc3-a2 verteidigen.} 10. Ne5
O-O 11. f3 c5 12. e4 cxd4 13. Nb5 Bg6 14. Nxd4 Nbd7 15. Nxd7 Nxd7 16. Be3 {
Die Stellung ist ausgeglichen.} Rac8 17. Rfd1 Kh8 18. Rac1 Nc5 19. Qa2 f5 20.
exf5 (20. Bxe6 Nxe6 21. Nxe6 Rxc1 22. Rxc1 Re8 (22... Bf7 23. exf5) 23. Nc7 Rc8
24. Nd5 Rxc1+ 25. Bxc1 Bc5+ 26. Kf1 Qh4 27. Be3 Bxe3 28. Nxe3 fxe4 29. Qe6 Qd8
30. fxe4 Qd3+ 31. Kf2 Qxe4 32. Qxe4 Bxe4 33. Nc4 Bd5 $11) 20... exf5 21. Bf2 f4
22. h3 h6 23. Nc2 Nxa4 24. Nxb4 Qxb4 25. Be1 Qc5+ (25... Qb6+ 26. Bf2 (26. Kh1
Rxc4 27. Rxc4 Nxb2 28. Bxa5 Qe6 29. Qxb2 Qxc4 30. Qxb7 $11) 26... Nc5 27. Bd5
$11) 26. Kh2 (26. Bf2 $11) 26... b5 27. Be6 (27. b3 $11 Nb6 $6 28. Be6 Qxc1 29.
Rxc1 Rxc1 30. Qa3) 27... Qxc1 28. Rxc1 Rxc1 29. Bxa5 Kh7 30. Bd7 Ra8 31. b4 Nc3
32. Qe6 Rc2 33. Qd6 Ra7 34. h4 h5 35. Be6 Ra8 36. Qxf4 Ne2 37. Qg5 Nd4 38. Bd5
Rf8 39. Kh3 $2 (39. Qe3 Nf5 40. Qg5 Nd4 $11) 39... Ne2 40. Qxg6+ Kxg6 41. Be4+
Kf6 42. Bxc2 Rc8 43. Be4 Rc3 {Das Endspiel ist für Schwarz gewonnen, denn Weiß
kann den Bauern auf b4 auf die dauer nicht ausreichend verteidigen.} 44. Bb6
Rc4 45. Ba5 Nd4 46. Bd3 Rc3 47. Be4 Ke5 48. Bg6 ({Auf} 48. Kg3 {folgt} Nb3 49.
Bd8 Kd6 50. Bg6 Rc4 {und Schwarz gewinnt.}) 48... Nc6 49. Bc7+ Ke6 50. Bxh5
Nxb4 51. Bg4+ Kf7 52. Ba5 Rc4 53. Bf5 Nc6 54. Bd2 b4 55. Be4 Ne7 56. Bf4 Ke6
57. Be3 b3 58. Bb1 Nd5 0-1

[Event "Olympiad-36"]
[Site "Mallorca"]
[Date "2004.10.25"]
[Round "10"]
[White "Krasenkow, Michal"]
[Black "Svetushkin, Dmitry"]
[Result "1/2-1/2"]
[WhiteElo "2676"]
[BlackElo "2568"]
[Annotator "Huebner,R"]
[PlyCount "83"]
[EventDate "2004.10.15"]
[EventType "team-swiss"]
[EventRounds "14"]
[EventCountry "ESP"]
[SourceTitle "CBM 104"]
[Source "ChessBase"]
[SourceDate "2005.01.27"]
[SourceVersion "1"]
[SourceVersionDate "2005.01.27"]
[SourceQuality "1"]
[WhiteTeam "Poland"]
[BlackTeam "Moldova"]
[WhiteTeamCountry "POL"]
[BlackTeamCountry "MDA"]

1. d4 d5 2. Nf3 Nf6 3. c4 c6 4. Nc3 dxc4 5. a4 Bf5 6. e3 e6 7. Bxc4 Bb4 8. O-O
O-O 9. Nh4 Nbd7 10. Nxf5 exf5 11. Qc2 g6 12. f3 Rc8 13. e4 (13. Kh1 Nb6 (13...
c5 14. d5 Nb6 15. Ba2 c4 16. e4 fxe4 17. fxe4 Ng4 18. Qe2 Ne5 19. Be3 a6 20.
Bd4 Bd6 21. Rad1 Nbd7 22. b3 cxb3 23. Bxb3 Qa5 24. Qb2 Rfe8 25. h3 {1/2-1/2
Lautier,J-Sakaev,K/Las Vegas 1999/CBM 72 (25)}) 14. Bb3 c5 15. a5 cxd4 16. axb6
({Nach} 16. exd4 Nbd5 {hat Schwarz sicher keine Probleme.}) 16... dxc3 17. bxa7
cxb2 18. Qxb2 Bc3 19. Bxf7+ Rxf7 (19... Kg7 $2 20. Qxb7 Bxa1 21. Be6+ Rc7 22.
a8=Q {brächte den Schwarzen in Schwierigkeiten.}) (19... Kh8 20. a8=Q Qd3 21.
Rg1 Rxa8 22. Rxa8 Bxb2 23. Rxf8+ Kg7 24. Rc8 Bxc1 25. Rc7 Qxe3 26. Rgxc1 {
ergab ebenfalls eine ausgeglichene Stellung.}) 20. Qxc3 Rxc3 21. a8=Q Qxa8 22.
Rxa8+ Kg7 {1/2-1/2 Kramnik,V-Bareev,E/Dortmund 2000/CBM 78/[Huebner,R] (22).})
13... fxe4 {Dies ist ein neuer Zug. Der Vorgänger sah auch Krasenkow mit den
weißen Steinen:} (13... c5 14. d5 Ne5 15. Ne2 fxe4 16. fxe4 Qd6 17. Bf4 Nh5 18.
g3 Rfe8 19. Rad1 Re7 (19... a6 $5 20. Nc1 Nxf4 21. gxf4 Nxc4 22. Qxc4 b5 23.
axb5 axb5 24. Qc2 c4 25. e5 Bc5+ 26. Kh1 Qd7 $132) (19... f6 $5 20. Nc1 Nxf4
21. gxf4 Nxc4 22. Qxc4 Qa6 23. Qc2 c4 $132) 20. Nc1 Ba5 21. Be2 (21. Nd3 Nxf4
22. gxf4 Nxd3 23. Qxd3 f6 $10) 21... c4 22. Kh1 (22. Bxh5 gxh5 23. Kh1 Qg6 $13)
(22. b3 c3 (22... Qc5+ 23. Kh1 cxb3 24. Qxc5 Rxc5 25. Nxb3 $18) 23. Bxh5 gxh5
24. Nd3 Qb6+ 25. Kh1 Nxd3 $13) 22... Nf6 23. Bxc4 (23. b3 $5 c3 24. Nd3 Nfd7 (
24... Rce8 $5 25. Nxe5 Rxe5 26. Bxe5 Rxe5 27. Bf3 $16) 25. Bg4 Rce8 26. Bxd7
Qxd7 27. Nxe5 Rxe5 28. Bxe5 Rxe5 29. Qd3 $18) 23... g5 24. Bxe5 (24. Bxg5 $4
Rxc4 25. Rxf6 Rxc2 26. Rxd6 Nf3 $19) 24... Rxe5 25. b3 Nxe4 26. Qg2 (26. Nd3
Rxd5 27. Qg2 Rd4 28. Bxf7+ Kg7 $13) 26... a6 27. Nd3 Re7 28. Nf2 Rce8 (28...
Nf6 $5 29. Qh3 Rce8 30. Ng4 Nxg4 31. Qxg4 h6 $10) 29. Nxe4 Rxe4 30. Qf3 R8e7
31. Qf6 Qxf6 32. Rxf6 Kg7 33. Rf5 R7e5 34. Rxe5 Rxe5 35. d6 Re1+ 36. Rxe1 Bxe1
37. d7 Ba5 38. Bd5 (38. b4 Bc7 $1 (38... Bd8 39. a5 Kf6 40. Bxa6 bxa6 41. b5
$18) 39. a5 Kf6 40. Bxa6 bxa6 41. b5 Ke7) 38... Bc7 39. Bxb7 a5 40. Be4 (40. g4
Kf6 41. Kg2 Ke5 42. Kf3 Kd4 $10) 40... h5 41. Kg2 Kf6 42. Kf3 Ke6 43. Bc6 f5
44. Ke2 Ke7 45. Kd3 f4 46. gxf4 Bxf4 47. h3 g4 48. hxg4 {1/2-1/2 Krasenkow,
M-Chekhov,V/Lubniewice 1995/EXT 97/[Chekhov] (48).}) (13... Nb6 $6 14. Ne2 $1
$16) 14. fxe4 c5 15. d5 ({Die Fortsetzung} 15. Na2 Nb6 16. d5 Qe7 17. Bh6 Ng4
18. Bxf8 Qe5 19. g3 Qd4+ 20. Kh1 Nxc4 {ist für Weiß nicht gesund.}) 15... Ne8
$6 {Dies ist eine recht passive Fortsetzung.} (15... Qe7 {verdient
Untersuchung.}) 16. Bf4 Nb6 17. b3 f6 18. e5 fxe5 19. Bxe5 Rxf1+ 20. Rxf1 Nxc4
21. bxc4 Qe7 22. Qf2 Bxc3 23. Bxc3 Nd6 24. Re1 Qf7 25. Qg3 $6 (25. Qe3 Rf8 26.
h3 (26. Qxc5 {scheitert an} Ne4) 26... Qf4 27. Qxc5 (27. Qxf4 {geht in die
Partie über.}) 27... Qxc4 (27... Rc8 28. Qa3 Nxc4 (28... Rxc4 29. Re6 {ist
ebenfalls nicht gesund für Schwarz.}) 29. Qe7 Qf7 30. Qh4 {überläßt dem Weißen
entscheidenden Angriff.}) 28. Qxd6 Qxc3 29. Qe6+ Kg7 30. Kh2 {stellt dem
Schwarzen größere Probleme.}) 25... Rf8 26. h3 Qf4 ({Fehlerhaft ist} 26... Nxc4
27. d6 Re8 (27... Qd5 28. Qg4 Nb6 29. Re7 Rf7 30. a5 Qxd6 31. Re6 {, und Weiß
gewinnt.}) 28. Rxe8+ Qxe8 29. d7 Qxd7 30. Qb8+ Kf7 31. Qf4+ {, und Weiß
gewinnt.}) 27. Qxf4 Rxf4 28. Re6 (28. Be5 {ergibt eine ausgeglichene Stellung:}
Re4 29. Rxe4 Nxe4 30. Bf4 Kf7 (30... b6 31. Kf1 g5 32. Bb8 Nd2+ 33. Ke2 Nxc4
34. Bxa7 Kf7 35. a5 bxa5 36. Bxc5 a4 37. Kd3 Ne5+ 38. Ke4 Nd7 39. Ba3 g4 $11)
31. Kf1 g5 32. Be3 a6 33. Ke2 Nc3+ 34. Kd3 Nxa4 35. Bxg5 b5 {usw.}) 28... Rxc4
29. Be5 (29. Rxd6 Rxc3 30. Rd8+ Kf7 31. Rd7+ Kf6 32. Rxb7 a5 33. Rxh7 {sollte
zum Remis führen.}) 29... Rc1+ 30. Kh2 Nc4 31. Bf4 $2 (31. d6 Nxe5 (31... Rd1
32. Re8+ Kf7 33. Re7+ Kf8 34. Bg7+ Kg8 35. Rxb7 Nxd6 36. Rxa7 Nf5 37. Bf6 {
könnte für Schwarz ein wenig unangenehm werden.}) 32. Rxe5 Rd1 33. Rxc5 Rxd6
34. Rc8+ Kf7 35. Rc7+ Kf6 36. Rxb7 {führt zu einem klaren Remis.}) 31... Rd1
32. Re8+ Kf7 33. Rb8 Rxd5 $2 (33... b6 34. Rb7+ Kf6 35. Rxa7 Rxd5 36. Rxh7 Nb2
{ist für Weiß kein Honiglecken.}) 34. Rxb7+ Ke6 35. Rxh7 Rd7 36. Rxd7 Kxd7 37.
Kg3 Ke6 38. Kf3 a5 39. Ke4 Nb2 40. Bc7 Nxa4 41. Bxa5 Nb2 42. Bb6 1/2-1/2

[Event "FRA-chT Top 12"]
[Site "Montpellier"]
[Date "2015.05.30"]
[Round "1.4"]
[White "Ipatov, Alexander"]
[Black "Matlakov, Maxim"]
[Result "1/2-1/2"]
[WhiteElo "2612"]
[BlackElo "2694"]
[Annotator "Ipatov,A"]
[PlyCount "159"]
[EventDate "2015.05.30"]
[EventType "team-tourn"]
[EventRounds "11"]
[EventCountry "FRA"]
[SourceTitle "CBM 166 Extra"]
[Source "ChessBase"]
[SourceDate "2015.06.18"]
[SourceVersion "1"]
[SourceVersionDate "2015.06.18"]
[SourceQuality "1"]
[WhiteTeam "Bois Colombes"]
[BlackTeam "Clichy-Echecs 92"]
[WhiteTeamCountry "FRA"]
[BlackTeamCountry "FRA"]

1. d4 d5 2. c4 c6 3. Nf3 Nf6 4. Nc3 dxc4 5. a4 Bf5 6. e3 e6 7. Bxc4 Nbd7 8. O-O
Bb4 9. Nh4 Bg4 10. f3 Bh5 11. e4 O-O 12. g4 Bg6 13. Nxg6 hxg6 14. g5 Ne8 15.
Kg2 Qe7 $146 (15... Nd6 16. Be2 Ba5 17. h4 Qe7 18. Be3 Rad8 19. Qb3 Rfe8 20.
Rad1 e5 21. dxe5 Nxe5 22. Bf4 a6 23. Rh1 b5 24. h5 gxh5 25. Rxh5 Ng6 26. Bg3
Bc7 27. Qa3 Qe6 28. Rdh1 Bb8 29. Qc5 Nb7 30. Qf5 Bxg3 31. Kxg3 Qd6+ 32. f4 Qd2
33. Rh8+ Nxh8 34. Qh7+ Kf8 35. Qxh8+ Ke7 36. Qxg7 Nd6 37. Qf6+ Kd7 38. e5 Qxc3+
39. bxc3 Ne4+ 40. Kg4 Nxf6+ 41. gxf6 Ke6 42. axb5 axb5 43. Kg3 Rd2 44. Bg4+ Kd5
45. Rh7 {Arancibia Guzman,E (2391)-Mendez Ataria,E (2363) Santiago de Chile
2009 1-0}) 16. h4 Nd6 17. Be2 Rfd8 18. Qb3 Ba5 19. Rd1 e5 20. d5 Bb6 21. a5 Bd4
22. a6 Nb6 23. axb7 Qxb7 24. Ba6 Qc7 25. dxc6 Qxc6 26. Ne2 Ndc4 27. Nxd4 exd4
28. Bf4 Ne3+ 29. Bxe3 dxe3 30. Qxe3 Nc4 31. Bxc4 Qxc4 32. Kg3 Qc2 {This is the
position from my game against Maxim Matlakov. Here in mutual time trouble I
played a tempting} 33. Qxa7 $5 {which objectively is not the best. However,
with the few minutes on the clock it worked and my opponent chose to "trust"
me.} Kh7 $2 (33... Rxa7 $1 34. Rxd8+ Kh7 35. Rxa7 Qc1 $1 36. Raa8 (36. Rad7
Qe1+ 37. Kf4 Qxh4+ 38. Ke3 Qxg5+ 39. Kf2 Qh4+ $11) 36... Qg1+ 37. Kf4 Qc1+ 38.
Ke5 Qxb2+ $11 {and White cannot avoid the perpetual}) 34. Rxd8 Rxd8 35. Rg1 $2
({Of course, I saw the winning} 35. h5 $1 Rd2 36. hxg6+ Kxg6 {, but here in my
calculations I missed} 37. Qa5 $3 Rg2+ 38. Kf4 $18 {and surprisingly the white
king escapes from checks}) 35... Qb3 36. Qf2 Rd3 37. Re1 Qb8+ 38. e5 $2 {
Terrible move} ({After} 38. Kg2 $16 {Black would have been suffering for long
after passing the time control}) 38... Rb3 {Now it turns out that despite of
being two pawns up the position is most likely a draw thanks to black's
perfect coordination between queen and rook. Also White created himself
additional pawn weaknesses by move 38.e5.} 39. Re2 Rb5 40. Qd4 Rb4 41. Qd6 Rxb2
$1 42. Qxb8 Rxb8 $11 {and Black easily held to a draw.} 43. Ra2 Kg8 44. f4 Kf8
45. Kg4 Rb1 46. Rh2 Rg1+ 47. Kf3 Ke7 48. h5 gxh5 49. Rxh5 g6 50. Rh8 Rf1+ 51.
Kg3 Rg1+ 52. Kf2 Ra1 53. Rb8 Ra3 54. Rb7+ Kf8 55. Ke2 Rc3 56. Rd7 Ra3 57. Rd3
Ra1 58. Rb3 Rh1 59. Rb8+ Ke7 60. Rb6 Kf8 61. Rf6 Kg7 62. Kd3 Rf1 63. Kd4 Ra1
64. Rc6 Rf1 65. Ke4 Re1+ 66. Kd5 Rd1+ 67. Kc5 Rf1 68. Rf6 Rf2 69. Kd5 Rf1 70.
Kd4 Rd1+ 71. Ke3 Re1+ 72. Kd2 Rf1 73. Ke2 Ra1 74. Rd6 Ra3 75. Rd3 Ra1 76. Ke3
Kf8 77. Rd4 Ke7 78. Ke4 Re1+ 79. Kd5 Ra1 80. Rc4 1/2-1/2